| Tag |
First Indicator |
Second Indicator |
Subfields |
| LEADER |
00000cam a22000001a 4500 |
| 001 |
in00003274921 |
| 006 |
m d f |
| 007 |
cr bn mmmapmmp |
| 008 |
101011s1982 dcua ob f000 0 eng d |
| 005 |
20260429205014.8 |
| 035 |
|
|
|a cis2007813579
|
| 040 |
|
|
|a LexisNexis
|c LexisNexis
|d UtOrBLW
|
| 043 |
|
|
|a n-us---
|
| 074 |
|
|
|a 1019-A, 1019-B (microfiche)
|
| 086 |
0 |
|
|a Y 4.En 2/3:97-MM
|
| 099 |
|
|
|a CMP-1982-HEC-0020
|
| 245 |
0 |
0 |
|a Congressional foresight, history, recent experiences, and implementation strategies :
|b a report /
|c prepared by the Congressional Research Service for the use of the Committee on Energy and Commerce of the U.S. House of Representatives.
|
| 264 |
|
1 |
|a Washington :
|b U.S. G.P.O.,
|c 1982 [i.e. 1983]
|
| 300 |
|
|
|a 1 online resource.
|
| 336 |
|
|
|a text
|b txt
|2 rdacontent
|
| 337 |
|
|
|a computer
|b c
|2 rdamedia
|
| 338 |
|
|
|a online resource
|b cr
|2 rdacarrier
|
| 500 |
|
|
|a Record is based on bibliographic data in LexisNexis U.S. Congressional Research Digital Collection. Reuse except for individual research requires license from LexisNexis.
|
| 504 |
|
|
|a Includes bibliographical references.
|
| 500 |
|
|
|a Electronic resource.
|
| 610 |
1 |
0 |
|a United States.
|b Congress.
|
| 650 |
|
0 |
|a Legislative oversight
|z United States.
|
| 650 |
|
0 |
|a Legislative histories
|z United States.
|
| 655 |
|
7 |
|a Electronic books.
|2 local
|
| 710 |
2 |
|
|a ProQuest (Firm)
|
| 710 |
2 |
|
|a Library of Congress.
|b Congressional Research Service.
|
| 710 |
1 |
|
|a United States.
|b Congress.
|b House.
|b Committee on Energy and Commerce.
|
| 776 |
0 |
8 |
|i Print version:
|t Congressional foresight, history, recent experiences, and implementation strategies
|w gp 83012482
|w (OCoLC)09276920
|
| 776 |
0 |
8 |
|i Microfiche version:
|t Congressional foresight, history, recent experiences, and implementation strategies
|d [Bethesda, Md.] : LexisNexis Academic & Library Solutions,1983.
|o CIS 83 H362-1
|w (LexisNexis)cis08300690
|
| 830 |
|
0 |
|a U.S. Congressional Research.
|
| 856 |
4 |
0 |
|u http://proxy.library.tamu.edu/login?url=https://congressional.proquest.com/congcomp/getdoc?CRDC-ID=CMP-1982-HEC-0020
|z Connect to the full text of this electronic book
|t 0
|
| 998 |
|
|
|a cis08300690
|
| 999 |
|
|
|a MARS
|
| 999 |
f |
f |
|s 5bb0da94-bd00-3010-9ad6-9a28d4d65c26
|i 4b1749fb-101f-3f34-902f-07f8b1add3d7
|t 0
|
| 952 |
f |
f |
|a Texas A&M University
|b College Station
|c Electronic Resources
|s www_evans
|d Available Online
|t 0
|e CMP-1982-HEC-0020
|h Other scheme
|
| 998 |
f |
f |
|a CMP-1982-HEC-0020
|t 0
|l Available Online
|